000 00496nam a2200193Ia 4500
008 151119s9999||||xx |||||||||||||| ||und||
082 _a616
082 _bGKKV13521
100 _aगाला ध रा
245 _aनेत्ररक्षा
260 _a--
260 _b--
260 _c0
600 _aगाला ध रा
630 _aनेत्ररक्षा
700 _aगाला ध रा
730 _aनेत्ररक्षा
942 _cBOOK
999 _c1067169
_d1067166